Theory and problems of linear algebra /

Uloženo v:
Podrobná bibliografie
Hlavní autor: Lipschutz, Seymour (autor)
Médium: Kniha
Jazyk:angličtina
Vydáno: lugar de publicación no identificado : Schaum, 1968
Edice:(Schaum's)
Témata:
Tagy: Přidat tag
Žádné tagy, Buďte první, kdo vytvoří štítek k tomuto záznamu!

MARC

LEADER 00000nam^a2200000^a^4500
001 000008173
005 20250521000000.0
009 20260310083536.081
037 |a Acervo ITESO - Biblioteca 
041 |a ING 
082 |a 512. 5  |b LIP 
100 |a Lipschutz, Seymour  |e (autor) 
245 1 0 |a Theory and problems of linear algebra /  |c S. Lipschutz. 
264 1 |a lugar de publicación no identificado :  |b Schaum,  |c 1968 
300 |a 330 p. 
336 |a texto  |b txt  |2 rdacontenido 
337 |a sin mediación  |b n  |2 rdamedio 
338 |a volumen  |b nc  |2 rdasoporte 
440 1 |a (Schaum's) 
649 |a XX 
650 |a Algebra Lineal 
650 |a Matemáticas 
910 |a Fondo General 
920 |a Impresos - Libros 
930 |a Colección General 
905 |a 101 
901 |a 0081730500  |b IT1  |c ACC  |i 905782  |u 20250521 
902 |a https://opac.biblio.iteso.mx/vufind/Record/000008173